| 000 | 00471nam a22001577a 4500 | ||
|---|---|---|---|
| 003 | OSt | ||
| 005 | 20220819132410.0 | ||
| 008 | 220819b |||||||| |||| 00| 0 eng d | ||
| 040 | _cIFM Library | ||
| 082 | _aOS 657 | ||
| 100 |
_aTanzania Statement Of Standard Accounting Practice _95936 |
||
| 245 | _aTanzania Statement Of Accounting Practice | ||
| 260 |
_aTANZANIA _bNational Board of Accountants & Auditors _c1983 |
||
| 300 |
_a106p.: _bill.; 19cm |
||
| 942 |
_cBK _2ddc _n0 |
||
| 999 |
_c16181 _d16181 |
||